| 000 | 01328nam a2200301 a 4500 | ||
|---|---|---|---|
| 999 |
_c389532 _d389532 |
||
| 003 | BLK | ||
| 005 | 20250721171205.0 | ||
| 008 | 180411b bul|||||r ||||||| ||bul|| | ||
| 010 | _aKNG00198402000 | ||
| 020 | _a9786197560008 | ||
| 040 | _aBLK | ||
| 041 |
_aBUL _cBUL |
||
| 072 | 7 |
_2bullib _aН85 _xДетска художествена литература Н |
|
| 080 |
_aАмериканска литература (на САЩ) _b821.111(73) _x-93-32 _z821.111(73)-93-32 |
||
| 100 | 1 |
_aКини, Джеф _eпърви автор _9309890 |
|
| 139 |
_aКини, Джеф _bК 54 |
||
| 245 | 1 | 0 |
_aДневникът на един Дръндьо : От нищо нещо : Ч.14 _cДжеф Кини ; прев. Михаил Балабанов. |
| 257 | _aUSA | ||
| 260 |
_bДУО ДИЗАЙН _c2020 _aСофия _f([София] : [Скала принт]) |
||
| 300 |
_a218 с. _bс ил. _c21 см |
||
| 380 | _aDX | ||
| 500 | _aОриг. загл.: Diary of Wimpy kid: Wrecking ball / Jeff Kinney. - За автора: с. 218. - На гърба на кн. означено 14. | ||
| 700 |
_aБалабанов, Михаил Петров _eпрев. от англ. _91021 |
||
| 852 |
_aЦб 307075 _bЦб |
||
| 856 |
_i0.00 _ldisable |
||
| 942 |
_cKNG _n0 _0349 _s1 |
||
| 944 |
_k30564 _lАнна Гръцманова |
||